El cambio climático en un punto crítico /
Guardado en:
| Autor principal: | |
|---|---|
| Formato: | Texto |
| Materias: | |
| Etiquetas: |
Agregar Etiqueta
Sin Etiquetas, Sea el primero en etiquetar este registro!
|
MARC
| LEADER | 00000 a a2200000 04500 | ||
|---|---|---|---|
| 001 | 10291 | ||
| 003 | |||
| 040 | |||
| 100 | |a Ki-moon, Ban | ||
| 245 | |a El cambio climático en un punto crítico / |c Ban Ki-moon | ||
| 650 | |a CAMBIOS CLIMATICOS | ||
| 650 | |a MEDIO AMBIENTE | ||
| 650 | |a CLIMA | ||
| 773 | |g número 55; páginas 4-5 | ||
| 999 | |c 29932 |d 29932 | ||
